Plays (Record no. 131661)
[ view plain ]
| 000 -LEADER | |
|---|---|
| fixed length control field | 00345nam a22001337a 4500 |
| 008 - FIXED-LENGTH DATA ELEMENTS--GENERAL INFORMATION | |
| fixed length control field | 230307b |||||||| |||| 00| 0 eng d |
| 020 ## - INTERNATIONAL STANDARD BOOK NUMBER | |
| International Standard Book Number | 140440968. |
| 050 ## - LIBRARY OF CONGRESS CALL NUMBER | |
| Classification number | PQ3456.A19 F43. |
| 100 ## - MAIN ENTRY--PERSONAL NAME | |
| Personal name | Chekhov Anton. |
| 9 (RLIN) | 35579 |
| 245 ## - TITLE STATEMENT | |
| Title | Plays |
| Statement of responsibility, etc | Anton Chekhov |
| 260 ## - PUBLICATION, DISTRIBUTION, ETC. (IMPRINT) | |
| Place of publication, distribution, etc | England: |
| Name of publisher, distributor, etc | Penguin Books, |
| 300 ## - PHYSICAL DESCRIPTION | |
| Extent | 453p; |
| Dimensions | 18cm. |
| 942 ## - ADDED ENTRY ELEMENTS (KOHA) | |
| Source of classification or shelving scheme | Library of Congress Classification |
| Item type | Monograph ( Printed materials) |
| Withdrawn status | Lost status | Source of classification or shelving scheme | Damaged status | Not for loan | Home library | Current library | Shelving location | Date acquired | Total Checkouts | Full call number | Barcode | Date last seen | Price effective from | Koha item type |
|---|---|---|---|---|---|---|---|---|---|---|---|---|---|---|
| Library of Congress Classification | ARRUPE LIBRARY | ARRUPE LIBRARY | Main Collection | 07/03/2023 | PQ3456.A19 F43. | 46700000201 | 07/03/2023 | 07/03/2023 | Monograph ( Printed materials) |